Chambers official scrabble words : fourth edition

Bibliographic Details
Format: Book
Published: Edinburgh : Chambers Harrap Publishers , 2005
Subjects:

MARC

LEADER 00000cam a2200000 7i4500
001 0000016748
005 20080428.0
008 080428
020 |a 0550120041 
090 0 0 |a 413   |b OFF 
245 1 0 |a Chambers official scrabble words :   |b fourth edition   |c managing editor catherine Schwarz 
260 |a Edinburgh :   |b Chambers Harrap Publishers ,   |c 2005 
650 0 |a English language   |x Dictionaries 
999 |a 0001012806   |b Book   |c REFERENCE   |e Perbadanan Perpustakaan Awam Johor